Le monde d'Harry Potter, de A à Z - Statistiques

Statistiques générales
  • Ce quiz a été pris 114 fois
  • Le résultat moyen est 16 sur 26
Statistiques - réponses
Indices Réponses % Correct
Lieu dont les Détraqueurs sont les geôliers Azkaban
98%
Ses parents ont été torturés par Bellatrix qui leur a infligé le sortilège Doloris Neville
78%
Chouette qui perdit la vie en recevant un sortilège de mort Hedwige
77%
Nom de l'époux de Nymphadora Tonks Lupin
70%
Professeur de défenses contre les forces du mal d'apparence peu sur de lui mais qui cache un terrifiant secret Quirrell
67%
École de magie dirigée par Igor Karkaroff Durmstrang
66%
Ces 3 sortilèges de magie noires sont nommés ainsi pour leur violence et leur cruauté Impardonnables
66%
Objet d'apparence anodine mais qui est ensorcelé pour permettre de rejoindre un autre lieu Portoloin
66%
Objet animé sélectionnant la maison destinée aux nouveaux entrants à Poudlard Choixpeau magique
65%
Sortilège d'amnésie spécialité du professeur Lockhart Oubliettes
63%
Charme utilisé pour vaincre les épouvantards Riddikkulus
62%
Sortilège de prédilection d'Harry Potter, considéré comme sa signature Expelliarmus
61%
Véritable nom du Seigneur des Ténèbres Jedusor
61%
Forme magique de téléportation nécessitant le passage d'un permis Transplanage
60%
Gare londonienne accueillant secrètement le quai 9 3/4 King's Cross
59%
Une potion utilisant les vertus de cette plante criarde peut ranimer les pétrifiés Mandragore
58%
Créature magique qui ne devient visible que pour ceux qui ont vu la mort Sombral
58%
Centaure qui remplace temporairement le professeur Trelawney Firenze
56%
Village d'Angleterre, nommé selon l'un des fondateurs de Poudlard et dans lequel résida la famille Potter Godric's Hollow
56%
Prénom du rédacteur en chef du Chicaneur Xenophilius
54%
Puissante potion provocant pour celui qui l ingére une incapacité à mentir Veritaserum
52%
4ème prénom d'Albus Dumbledore Brian
51%
Particulièrement vaste, celui d'Harry Potter est également nommé le Wizarding World Univers
44%
Boutique de Pré au Lard spécialisée dans les farces et attrapes Zonko
44%
Elfe de maison, autrefois au service de la famille Croupton Winky
41%
Nom d'un mangemort qui devient ministre du département de la justice magique Yaxley
24%
Aucun quiz correspondant
Distribution des résultats
% des personnes avec chaque résultat
Percentile par nombre de réponses
Votre historique - résultats
Vous n’avez pas pris ce quiz